99 overall all-time players - Statistics

General Stats
  • This quiz has been taken 47 times
  • The average score is 7 of 8
Answer Stats
Hint Answer % Correct
CLE 6'9 Lebron James
100%
LAL 6'6 Kobe Bryant
98%
CHI 6'6 Michael Jordan
98%
MIL 7'2 Kareem-Abdul-Jabbar
95%
BOS 6'9 Larry Bird
95%
GSW 7'1 Wilt Chamberlain
95%
LAL 7'1 Shaq O'neal
85%
BOS 6'11 Kevin Garnett
61%
No matching quizzes found
Score Distribution
Percent of People with Each Score
Percentile by Number Answered
Your Score History
You have not taken this quiz